Managing Trade but Mangling the Consumer Reflections on the EEC's and West Germany's Experience with the IFA

Salvato in:
Dettagli Bibliografici
Autore principale: Spinanger, Dean
Natura: Libro
Lingua:inglese
Pubblicazione: Kiel Institut für Weltwirtschaft 1985
Serie:Kiel Working Paper No.245
Tags: Aggiungi Tag
Nessun Tag, puoi essere il primo ad aggiungerne!!

MARC

LEADER 00000nam a2200000 4500
001 c032211
005 20250521092717.4
041 0 |a eng 
044 |a DE 
245 1 0 |a Managing Trade but Mangling the Consumer  |b Reflections on the EEC's and West Germany's Experience with the IFA  |c Dean Spinanger 
264 1 |a Kiel  |b Institut für Weltwirtschaft  |c 1985 
300 |a 30 s. 
490 1 |a Kiel Working Paper  |v No.245 
830 0 |a Kiel Working Paper  |v No.245 
100 1 |a Spinanger, Dean